000 00665nam a22002057a 4500
008 131107b xxu||||| |||| 00| 0 ger d
020 _a3425016105
041 0 _ager
080 _a331.107.2 KIE
100 _aKieven, Gert ; Nitzschke, Volker ; Tiefenbach, Ingrid ;
245 _aArbeitslehre /
_cGert Kieven ; Volker Nitzschke ; Ingrid Tiefenbach .
260 _aFrankfurt am Main :
_bVerlag Moritz Diesterweg GmbH & Co ;
_cc1995.
300 _a192 f. :
_bme il. me ngjyra. ;
_c24 cm.
650 _aPuna
700 _aKieven, Gert ;
700 _aNitzschke, Volker ;
700 _aTiefenbach, Ingrid ;
700 _aWöhleke, Birgit ;
942 _2udc
_cBK
999 _c247
_d247